00351nam a2200145Ia 45000030006000000080041000060400015000471000024000622450024000862500006001102600052001163000006001685460014001740050017001880STCL150530s9999 xx 000 0 und d aSTCLcSTCL aKrishnan Nair, P.V. aPrasthana Sapthakam a1 bSahithya Pravarthaka Co Operative Societyc1974 a0 aMalayalam20220125171750.0